[Event "SK Dülmen 1 - SK Metelen 1"]
[Site "Verbandsliga 2018/2019"]
[Date "2018.12.15"]
[Round "5.6"]
[White "Gehlen, Horst"]
[Black "Denkler, Juergen"]
[Result "1-0"]
[WhiteElo "1694"]
[BlackElo "1685"]
[PlyCount "111"]
[EventDate "2018.??.??"]
[SourceDate "2018.09.09"]

1. e4 e6 2. Qe2 c5 3. Nf3 Nc6 4. g3 d6 5. Bg2 Nf6 6. O-O Be7 7. c3 e5 8. Na3
O-O 9. d3 h6 10. Bd2 Bd7 11. Nc2 a6 12. Ne3 Be6 13. Ne1 d5 14. f4 dxe4 15. dxe4
Qb6 16. f5 Bd7 17. Nd5 Qd8 18. Nd3 Bd6 19. g4 c4 20. Nf2 Nxd5 21. exd5 Ne7 22.
Ne4 Nxd5 23. f6 Nf4 24. Bxf4 exf4 25. Nxd6 Qb6+ 26. Qf2 Qxd6 27. Rad1 Qc7 28.
fxg7 Rfd8 29. Qxf4 Qxf4 30. Rxf4 Be6 31. Rfd4 Rxd4 32. Rxd4 Rb8 33. Bd5 Bxd5
34. Rxd5 Kxg7 35. Kf2 b5 36. b3 cxb3 37. axb3 Rc8 38. Rd3 a5 39. Ke3 Rc5 40.
Kd4 Rg5 41. h3 h5 42. gxh5 Rxh5 43. c4 bxc4 44. bxc4 Kf6 45. c5 Ke6 46. Kc4 a4
47. Kb5 Rd5 48. Rc3 Kd7 49. Kxa4 Kc6 50. Kb4 f5 51. Rc4 Re5 52. h4 Re4 53. Rxe4
fxe4 54. Kc4 e3 55. Kd3 Kxc5 56. h5 1-0

[Event "SK Dülmen 1 - SK Metelen 1"]
[Site "Verbandsliga 2018/2019"]
[Date "2018.12.15"]
[Round "5.8"]
[White "Bienhuels, Michael"]
[Black "Gravenkoetter, Christian"]
[Result "0-1"]
[WhiteElo "1638"]
[BlackElo "1719"]
[PlyCount "104"]
[EventDate "2018.??.??"]
[SourceDate "2018.09.09"]

1. c4 e5 2. g3 Nf6 3. Bg2 c6 4. Nc3 Bb4 5. a3 Bxc3 6. bxc3 O-O 7. d4 e4 8. d5
Qa5 9. Qc2 cxd5 10. Bg5 Re8 11. Bxf6 gxf6 12. cxd5 Qxd5 13. Nh3 Qe5 14. O-O d5
15. Nf4 Be6 16. Rab1 b6 17. c4 Rc8 18. Qa4 Bd7 19. Qd1 d4 20. Rc1 Na6 21. Nd5
Nc7 22. f4 exf3 23. Bxf3 Nxd5 24. Bxd5 Bc6 25. Bxc6 Rxc6 26. Rf3 Rac8 27. Qd3
Rc5 28. e3 dxe3 29. Rxe3 Qg5 30. Ree1 b5 31. Qd7 Rxc4 32. Rxc4 Rxc4 33. Qxa7
Ra4 34. Re8+ Kg7 35. Qe3 Qxe3+ 36. Rxe3 Kg6 37. Rb3 Ra5 38. Kf2 h5 39. h3 f5
40. Ke3 Kg5 41. Kd4 h4 42. gxh4+ Kxh4 43. Kc5 Ra8 44. Rf3 Rb8 45. Rxf5 Ra8 46.
Rf3 Rb8 47. Rb3 Ra8 48. Kxb5 Rb8+ 49. Kc4 Rxb3 50. Kxb3 f5 51. Kc2 f4 52. Kd2
Kg3 0-1

[Event "SC Rochade Emsdetten 2 - SK Gescher 1"]
[Site "Verbandsliga 2018/2019"]
[Date "2018.12.15"]
[Round "5.1"]
[White "Eissing, Christoph"]
[Black "Delere, Adrian"]
[Result "1-0"]
[WhiteElo "2005"]
[BlackElo "1824"]
[PlyCount "62"]
[EventDate "2018.??.??"]
[SourceDate "2018.09.09"]

1. e4 c5 2. Nf3 Nc6 3. d4 cxd4 4. Nxd4 Nf6 5. Nc3 e5 6. Ndb5 d6 7. Bg5 a6 8.
Na3 b5 9. Nd5 Be7 10. Bxf6 Bxf6 11. c3 Bg5 12. Nc2 O-O 13. Bd3 Ra7 14. Ncb4 Bb7
15. a4 Nxb4 16. Nxb4 a5 17. axb5 f5 18. exf5 Bxg2 19. Rg1 Bb7 20. Nc6 Bxc6 21.
bxc6 Bh6 22. b4 Qh4 23. Qg4 Qxh2 24. Be4 Kh8 25. Rh1 Qf4 26. Qxf4 Bxf4 27. Rxa5
Rxa5 28. bxa5 Ra8 29. a6 Ra7 30. Ke2 Bg5 31. Rb1 h5 1-0

[Event "SC Rochade Emsdetten 2 - SK Gescher 1"]
[Site "Verbandsliga 2018/2019"]
[Date "2018.12.15"]
[Round "5.2"]
[White "Luecke, Thomas"]
[Black "Lanfer, Stefan"]
[Result "1/2-1/2"]
[WhiteElo "1833"]
[BlackElo "1819"]
[PlyCount "97"]
[EventDate "2018.??.??"]
[SourceDate "2018.09.09"]

1. d4 c6 2. Bf4 d5 3. c3 Nf6 4. e3 Nbd7 5. Nd2 e6 6. Bd3 Be7 7. h3 c5 8. Ngf3
c4 9. Bc2 O-O 10. O-O Re8 11. a4 Nf8 12. e4 Ng6 13. Bh2 Nd7 14. Re1 b6 15. exd5
exd5 16. Re3 Ndf8 17. Ne5 Be6 18. Nc6 Qd7 19. Nxe7+ Rxe7 20. Qh5 f6 21. Rae1
Rae8 22. Bg3 Bf7 23. Qf3 Rxe3 24. Rxe3 Rxe3 25. Qxe3 Qe8 26. Qxe8 Bxe8 27. Bb8
a6 28. Bc7 b5 29. axb5 axb5 30. g3 Ne7 31. Nf1 g6 32. Ne3 Bc6 33. Bd8 Kf7 34.
h4 Ne6 35. Ba5 Ng7 36. Bb4 Ne8 37. Bd1 Ke6 38. Bf3 Nc7 39. Ng2 Kd7 40. Nf4 Bb7
41. Bg4+ f5 42. Bf3 Ne6 43. Nxe6 Kxe6 44. Kf1 Ng8 45. Ke2 Nf6 46. Ke3 Ne4 47.
Bxe4 dxe4 48. Kf4 Bd5 49. Kg5 1/2-1/2

[Event "SC Rochade Emsdetten 2 - SK Gescher 1"]
[Site "Verbandsliga 2018/2019"]
[Date "2018.12.15"]
[Round "5.3"]
[White "Iking, Bernhard"]
[Black "Noering, Andreas"]
[Result "1/2-1/2"]
[WhiteElo "1760"]
[BlackElo "1829"]
[PlyCount "62"]
[EventDate "2018.??.??"]
[SourceDate "2018.09.09"]

1. d4 d5 2. Nf3 Nf6 3. c4 c6 4. Bg5 e6 5. Nc3 Be7 6. e3 Nbd7 7. Bd3 dxc4 8.
Bxc4 h6 9. Bh4 Nd5 10. Bxe7 Qxe7 11. O-O O-O 12. Rc1 Nxc3 13. bxc3 b6 14. Bd3
Bb7 15. Bb1 c5 16. Qd3 Nf6 17. Nd2 e5 18. e4 exd4 19. cxd4 cxd4 20. Rce1 g6 21.
f4 Nd7 22. e5 Nc5 23. Qxd4 Rad8 24. Qe3 Qd7 25. Ne4 Bxe4 26. Bxe4 Nxe4 27. Qxe4
Qd4+ 28. Qxd4 Rxd4 29. Rf2 Rfd8 30. g3 Rd2 31. Rfe2 Rxe2 1/2-1/2

[Event "SC Rochade Emsdetten 2 - SK Gescher 1"]
[Site "Verbandsliga 2018/2019"]
[Date "2018.12.15"]
[Round "5.4"]
[White "Teschler, Ansgar"]
[Black "Priebs, Ludger"]
[Result "0-1"]
[WhiteElo "1779"]
[BlackElo "1717"]
[PlyCount "38"]
[EventDate "2018.??.??"]
[SourceDate "2018.09.09"]

1. e4 e5 2. Nf3 d6 3. d4 exd4 4. Nxd4 Be7 5. Nc3 Nf6 6. Bc4 c6 7. a4 Bg4 8. f3
Bd7 9. a5 O-O 10. O-O b5 11. axb6 Qxb6 12. Be3 Qb7 13. Qd3 a6 14. Nb3 c5 15.
Bf4 Qb6 16. Rfe1 Nc6 17. Nd5 Nxd5 18. Bxd5 c4+ 19. Be3 Qxb3 0-1

[Event "SC Rochade Emsdetten 2 - SK Gescher 1"]
[Site "Verbandsliga 2018/2019"]
[Date "2018.12.15"]
[Round "5.5"]
[White "Stein, Michael"]
[Black "Bilecen, Simon"]
[Result "0-1"]
[WhiteElo "1712"]
[BlackElo "1700"]
[PlyCount "48"]
[EventDate "2018.??.??"]
[SourceDate "2018.09.09"]

1. e4 c6 2. d4 d5 3. exd5 cxd5 4. c4 Nf6 5. Nf3 g6 6. Nc3 Bg7 7. Bf4 a6 8. c5
Nc6 9. h3 b6 10. Qa4 Bb7 11. Ne5 b5 12. Nxc6 Bxc6 13. Qd1 Ne4 14. f3 Nxc3 15.
bxc3 O-O 16. Be2 e5 17. Bg3 Qg5 18. Kf2 exd4 19. cxd4 Rfe8 20. Qd3 Rxe2+ 21.
Kxe2 Qxg3 22. Rhg1 Re8+ 23. Kd2 Qf2+ 24. Kc3 Re3 0-1

[Event "SC Rochade Emsdetten 2 - SK Gescher 1"]
[Site "Verbandsliga 2018/2019"]
[Date "2018.12.15"]
[Round "5.6"]
[White "Hedwig, Johannes"]
[Black "Brands, Julian"]
[Result "0-1"]
[WhiteElo "1790"]
[BlackElo "1699"]
[PlyCount "112"]
[EventDate "2018.??.??"]
[SourceDate "2018.09.09"]

1. e4 c5 2. Nf3 d6 3. d4 cxd4 4. Nxd4 g6 5. Be3 Bg7 6. Qd2 Bd7 7. Nc3 Nc6 8. f3
a6 9. Be2 Rc8 10. h4 Nf6 11. g4 h5 12. g5 Nh7 13. Nxc6 Bxc6 14. Bd4 O-O 15.
Bxg7 Kxg7 16. O-O-O b5 17. Qd4+ Kg8 18. Rhf1 Qc7 19. Rd2 Rfd8 20. Bd3 Nf8 21.
f4 e5 22. Qf2 Ne6 23. f5 Nf4 24. Kb1 b4 25. Ne2 Nxd3 26. cxd3 Bb5 27. Qf3 Qe7
28. Ng3 Rc7 29. Qh1 Rdc8 30. Ne2 Rc5 31. Rc1 Rxc1+ 32. Nxc1 Qc7 33. Qd1 Qd7 34.
fxg6 fxg6 35. Qb3+ Qf7 36. Qxb4 Qf1 37. Qb3+ Kg7 38. Qd1 Qh3 39. Qe1 Rf8 40. b3
Rf1 41. Qe2 Rf4 42. a4 Be8 43. d4 Qxh4 44. Qxa6 Qxg5 45. Qxd6 Rxe4 46. dxe5
Rxe5 47. Rf2 Rf5 48. Rc2 Rf7 49. Ka2 Qf5 50. Re2 Bd7 51. Qd4+ Kh7 52. Rd2 Be6
53. Nd3 Rd7 54. Qc3 Qd5 55. Rd1 Qf3 56. Qe1 Bg4 0-1

[Event "SC Rochade Emsdetten 2 - SK Gescher 1"]
[Site "Verbandsliga 2018/2019"]
[Date "2018.12.15"]
[Round "5.7"]
[White "Robers, Frank"]
[Black "Hemmers, Dieter"]
[Result "1/2-1/2"]
[WhiteElo "1637"]
[BlackElo "1784"]
[PlyCount "128"]
[EventDate "2018.??.??"]
[SourceDate "2018.09.09"]

1. e4 c6 2. d4 d5 3. exd5 cxd5 4. Bd3 Nc6 5. c3 Nf6 6. Nf3 Bg4 7. Nbd2 e6 8.
O-O Bd6 9. Re1 O-O 10. Nf1 Rc8 11. Bg5 Bh5 12. Ng3 Bg6 13. Ne5 Be7 14. Bxg6
hxg6 15. h4 b5 16. h5 Nxh5 17. Bxe7 Nxe7 18. Nxh5 gxh5 19. Qxh5 g6 20. Qh3 Kg7
21. Qd3 Qe8 22. Re3 Nf5 23. Rh3 Nd6 24. a4 Rc7 25. axb5 Nxb5 26. Qe3 Rh8 27.
Rxh8 Qxh8 28. Ra5 Nd6 29. Ng4 Kf8 30. Qg5 Ne8 31. Qd8 Kg7 32. Rb5 f5 33. Ne5
Qh5 34. Nf3 g5 35. Rb8 g4 36. Ne5 g3 37. fxg3 Qd1+ 38. Kh2 Qh5+ 39. Qh4 Nf6 40.
Qxh5 Nxh5 41. g4 fxg4 42. Nxg4 Kg6 43. Ne5+ Kg5 44. g3 Nf6 45. Kg2 Kf5 46. Kf3
Kg5 47. Nd3 Rf7 48. Nf4 Kf5 49. c4 dxc4 50. Rb5+ Nd5 51. Rc5 Rb7 52. g4+ Kf6
53. Rxc4 Rb3+ 54. Rc3 Nxc3 55. bxc3 Rxc3+ 56. Ke4 a5 57. g5+ Kf7 58. g6+ Kf6
59. g7 Kxg7 60. Nxe6+ Kf6 61. Nc5 Rc1 62. Kd3 Rd1+ 63. Kc3 Ke7 64. Kc4 Rxd4+
1/2-1/2

[Event "SC Rochade Emsdetten 2 - SK Gescher 1"]
[Site "Verbandsliga 2018/2019"]
[Date "2018.12.15"]
[Round "5.8"]
[White "Fehlings, Gerd"]
[Black "Frieske, Hilmar"]
[Result "0-1"]
[WhiteElo "1772"]
[BlackElo "1709"]
[PlyCount "78"]
[EventDate "2018.??.??"]
[SourceDate "2018.09.09"]

1. d4 Nf6 2. Nf3 g6 3. c4 Bg7 4. Bf4 c5 5. e3 d6 6. Be2 O-O 7. h3 Nbd7 8. O-O
Ne4 9. Qc2 f5 10. Ng5 Nxg5 11. Bxg5 cxd4 12. exd4 Bxd4 13. Qd2 Bg7 14. Nc3 Nf6
15. Bf3 Rb8 16. Rad1 b6 17. Rfe1 Re8 18. Nd5 Kh8 19. Nxf6 exf6 20. Rxe8+ Qxe8
21. Bf4 Bb7 22. Re1 Be4 23. Bd1 Qd7 24. f3 Bc6 25. Qxd6 Qxd6 26. Bxd6 Rd8 27.
Bb4 f4 28. Bc3 f5 29. Bxg7+ Kxg7 30. h4 Kf6 31. Bb3 Re8 32. Rd1 Ke7 33. Kf2 g5
34. Bc2 Rf8 35. c5 Rf6 36. cxb6 axb6 37. a4 h5 38. Bb3 g4 39. Rc1 Rd6 0-1